00526cam a22001934a 45000010009000000050017000090080041000260100017000670200028000840400018001120410008001300420008001380800016001460820020001621000007001821010008001892450069001975040066002661243501320180228045925.0010608s2001 nyua b 001 0 eng  a 2001041302 a0789200147 (alk. paper) aDLCcDLCdDLC aeng apcc a332.6 fic00a332.6 fic2211 a52 aeco10aIn the market :cChristopher Finch ; foreword by John M. Angelo. aIncludes bibliographical references (p. [351]-352) and index.